000 01402pam a2200349 a 4500
001 2978851
003 OSt
005 20140310184333.0
008 921005s1993 mau j 000 1 eng
010 _a 92037267
020 _a0439229545
_c$14.95 ($18.95 Can.)
040 _aDLC
_cDLC
_dDLC
042 _alcac
050 0 0 _aPZ 7
_b.P4315 1993
100 1 _aPerkins, Mitali.
_923976
245 1 4 _aThe Sunita experiment /
_cMitali Perkins.
250 _a1st ed.
260 _aNew York, NY:
_bScholastic Inc.,
_c1993.
300 _a179 p. ;
_c22 cm.
520 _aWhen her grandparents come for a visit from India to California, thirteen-year-old Sunita finds herself resenting her Indian heritage and embarrassed by the differences she feels between herself and her friends.
521 _aG5
526 _c780
650 1 _aEast Indian Americans
_xFiction.
_923977
650 1 _aGrandparents
_xFiction.
_923978
650 1 _aFamily life
_xFiction.
_923979
650 1 _aFriendship
_xFiction.
_923980
856 4 2 _3Contributor biographical information
_uhttp://www.loc.gov/catdir/enhancements/fy0742/92037267-b.html
906 _a7
_bcbc
_corignew
_d1
_eocip
_f19
_gy-gencatlg
942 _2lcc
_cBK-SCHOLAS
999 _c33697
_d33697